LEADER 01278nam--2200397---450- 001 990002208680203316 005 20160719104621.0 035 $a000220868 035 $aUSA01000220868 035 $a(ALEPH)000220868USA01 035 $a000220868 100 $a20041124d1977----km-y0itay0103----ba 101 $aita 102 $aIt 105 $a||||||||001yy 200 1 $a<> caratteri della novella 118 di Giustiniano$fRenzo Lambertini 210 $aMilano$cGiuffrè$d1977 215 $a100 p.$d22 cm 225 2 $aSeminario giuridico dell'università di Bologna$v75 410 0$12001$aSeminario giuridico dell'università di Bologna$v75 454 1$12001 461 1$1001-------$12001 606 0 $aNovellae. Nov. 118$2BNCF 676 $a346.3705 700 1$aLAMBERTINI,$bRenzo$0230761 801 0$aIT$bsalbc$gISBD 912 $a990002208680203316 951 $aXXX.A. Coll. 182/ 19 (X 2 II 75)$b46519 G.$cXXX.A. Coll. 182/ 19 (X 2 II)$d00274851 959 $aBK 969 $aGIU 979 $aSIAV1$b10$c20041124$lUSA01$h1237 979 $aRSIAV4$b90$c20100810$lUSA01$h1133 979 $aGIUSY$b90$c20160719$lUSA01$h1046 979 $aGIUSY$b90$c20160719$lUSA01$h1046 996 $aCaratteri della novella 118 di Giustiniano$9691637 997 $aUNISA LEADER 00878nas 22003133a 450 001 996198994703316 005 20240413013053.0 035 $a(OCoLC)321080873 035 $a(CKB)1000000000222219 035 $a(CONSER) 2009215906 035 $a(MiAaPQ)43345 035 $a(EXLCZ)991000000000222219 100 $a20090515auuuu9999 uy 101 0 $aeng 135 $aur|||||||| 181 $ctxt$2rdacontent 182 $cc$2rdamedia 183 $acr$2rdacarrier 200 00$aFair disclosure wire 210 $aWashington, D.C. $cCQ Transcriptions 606 $aCorporations$xFinance$vPeriodicals 606 $aDisclosure of information$vPeriodicals 615 0$aCorporations$xFinance 615 0$aDisclosure of information 712 02$aCQ Transcriptions. 906 $aTRANSCRIPT 912 $a996198994703316 996 $aFair disclosure wire$92387970 997 $aUNISA